000 01202nam a2200397 i 4500
001 0011326
003 DO-SdBPM
005 20251031092946.0
007 ta
008 880226s1983 sp | || spa
015 _a
017 _a
_b
020 _a8420431176
035 _a
040 _aDO-SdBPM
_bspa
_cBPMSU
_e rda
_d
082 4 _a853.91
_b R685c 1983
_222
100 1 _aRodari, Gianni
_d1920-1980
_eautora
240 1 0 _aTante storie per giocare
_lespañol
245 1 0 _aCuentos para jugar /
_cGianni Rodari ; traducción de Carmen Santos ; ilustraciones de Gianni Peg
_h
250 _a5a. ed.
260 _a
_b
264 _aMadrid :
_bAlfaguara,
_c1983
300 _a163 páginas :
_bilustraciones ;
_c23 cm
336 _atexto
_btxt
_2rdacontent
337 _asin mediación
_bn
_2rdamedia
338 _avolumen
_bnc
_2rdacarrier
490 0 _aJuvenil Alfaguara,
_v23
500 _a
590 _aInventariado, 2025/VM
650 7 _aCuentos juveniles italianos
650 7 _aLiteratura juvenil italiana
700 1 _aSantos, Carmen
_etraductor
700 1 _aPeg, Gianni
_eilustracione
910 _aVMateo V. Control de calidad. BPMSU
942 _2ddc
_cBK
999 _c9895
_d9895